Dianae sacrum : el ara de Diana del Museo de León : caza y poesía en los epígrafes de Quintus Tullius Maximus /

محفوظ في:

المؤلف الرئيسي: Rodríguez de la Robla, Ana Belén, 1971- (مؤلف)

التنسيق: كتاب

اللغة: Spanish

منشور في: Valladolid : [Junta de Castilla y León, Consejería de Educación y Cultura], 2003.

سلاسل: Estudios y catálogos ; 12.

الموضوعات:

الوسوم: إضافة وسم

لا توجد وسوم, كن أول من يضع وسما على هذه التسجيلة!

رقم الطلب: CN676 .L46 R82 2003

LEADER 00987namaa2200265 4500
001 19242
003 OSt
005 20251112141623.0
008 130303s2003 sp a b 000 0 spa d
020 |a 9788497181884 
040 |c ARCE Library 
043 |a e-sp--- 
050 4 |a CN676 .L46 R82 2003 
100 1 |a Rodríguez de la Robla, Ana Belén,   |d 1971-,   |e author 
245 1 0 |a Dianae sacrum :  |b el ara de Diana del Museo de León : caza y poesía en los epígrafes de Quintus Tullius Maximus /  |c Ana Belén Rodríguez de La Robla. 
264 1 |a Valladolid :  |b [Junta de Castilla y León, Consejería de Educación y Cultura],  |c 2003. 
300 |a 125 pages :   |b color illustrations ;   |c 29 cm. 
490 1 |a Estudios y catálogos ;   |v 12. 
504 |a Includes bibliographical references. 
650 0 |a Inscriptions, Latin  |z Spain  |z León (Province) 
651 0 |a Spain   |z León (Province) 
830 0 |a Estudios y catálogos ;  |v 12. 
901 |a reviewed 
942 |c BK  |2 lcc 
999 |c 17002  |d 17002